000 00269nam a22001337a 4500
008 210302b ||||| |||| 00| 0 eng d
020 _a9781946020079
041 _aeng
080 _a34
100 _a13
101 _aJUR
245 _aMPRE
_cThemis
942 _2udc
_cBK
999 _c55434
_d55434